Statistics for Native American Marvel Heroes by Picture

Click here to take the quiz!

General Stats

  • This quiz has been taken 5 times
  • The average score is 10 of 19

Answer Stats

Answer% Correct
Echo
100%
Forge
80%
Puma
80%
Snowbird
80%
Thunderbird
80%
Mirage
60%
Red Wolf
60%
Shaman
60%
Warpath
60%
American Eagle
40%
Black Crow
40%
Chee'ilth
40%
Snowguard
40%
Talisman
40%
Wyatt Wingfoot
40%
Moonhunter
20%
Moonstalker
20%
Portal
20%
Tomorrow Hawk
20%

Score Distribution

Percentile by Number Answered

Percent of People with Each Score

Your Score History

You have not taken this quiz